00584nam a2200169 a 4500003000500000005001700005008004100022022001500063050002400078082002700102100004300129245008000172260006900252300003800321650004200359650001300401PILC20150112093427.0100726s19uu xx 00 eng d 29810475896 aDS 523b.As849 2002 arSFr 709.54 bAs2 2003 aAssociation of Southeast Asian Nations aMuseum treasures of southeast asia.cAssociation of Southeast Asian Nations aSoutheast Asia :bAssociation of Southeast Asian Nations,c2002. a192 pages :bcol. : ill. ;c27 cm aDecorative arts -xMuseum collections aArtworks